00288nam a22000977a 4500082001900000100002300019245004500042260004900087300001700136526003700153 a551.02462bBRO aBrownlow, Arthur H aLaboratory manual geology for engineers  aLowa,bWM C brown company publishers,c1965. a143p.c26cm. a0b1c0d551_024620000000000_BRO